Score 0/24 Timer 03:00
0 Plays Today
Clues 5-letter word % Correct
A shiny lip coveringGLOSS
92.8%
Dental cleaning threadFLOSS
92.7%
Vineyard fruitGRAPE
89.8%
Actress Glenn; with last word, a near thingCLOSE
89.1%
Push may come to thisSHOVE
85.2%
Disgusting; 144 itemsGROSS
84.7%
Spice for baked hamCLOVE
84.6%
Item to keep on hand?GLOVE
82.5%
Item in a vampire slayer's toolkitCROSS
77.8%
Search blindly; feel badly?GROPE
77.1%
Was radiantSHONE
75.9%
Stand of treesGROVE
75.4%
Clues 5-letter word % Correct
Casino gameCRAPS
70.7%
It's a small world after allGLOBE
70.3%
Establish beyond any doubtPROVE
69.6%
___ myrtle; mourning symbolCRAPE
66.8%
Oafish, lacking couthCRASS
65.1%
Mashed potato servingsGLOBS
61.7%
It has a familiar ringPHONE
61%
Ready for a back massagePRONE
60.3%
Oscar Madison typesSLOBS
49.2%
Ice chunksFLOES
49.2%
With first word, a near thingSHAVE
46.3%
Gin flavoringsSLOES
43.8%

Today's Daily Dose

Word Ladder
Folklore Song

Get the Picture
'B' Sanders

Remove Ads.
Support Sporcle.
Get the best of Sporcle when you Go Orange. This ad-free experience offers more features, more stats, and more fun while also helping to support Sporcle. Thank you for becoming a member.

You're not logged in!

Compare scores with friends on all Sporcle quizzes.
OR
Log In

Show Comments

Extras

Top Quizzes Today


Score Distribution

Your Account Isn't Verified!

In order to create a playlist on Sporcle, you need to verify the email address you used during registration. Go to your Sporcle Settings to finish the process.

Report this User

Report this user for behavior that violates our Community Guidelines.

Details: